000 00677nam a22002177a 4500
999 _c18203
_d18203
003 AR-CdUCM
008 190513b ||||| |||| 00| 0 spa d
040 _aMUNICIPALIDAD PROVINCIAL DEL CUSCO
_cBIBLIOTECA MUNICIPAL DEL CUSCO
082 _a843.9 /
_bM17
100 _aMaizeroy, Renato
_938661
245 _aLa carne en gozo :
_bEl corazon en pena /
260 _aMadrid :
_bEspaƱolas,
300 _a172 paginas ;
_bIlustraciones, graficos, dibujos,
_c20 cm.
500 _aNovelas e historia
650 _aNovela
_95
650 _aHistoria
_9136
650 _aLiteratura
_983
700 _aBallesteros de Martos
_938662
942 _2ddc
_cLIBROS
945 _apjha
_d2019-05-13